[Event "Olimpiada Calviá 2004"]
[Site "Calviá ESP"]
[Date "2004.10.22"]
[Round "7.8"]
[White "Halkias, Stelios"]
[Black "Solak, Dragan"]
[Result "0-1"]
[WhiteElo "2526"]
[BlackElo "2563"]
[PlyCount "80"]
[EventDate "2004.10.15"]
[EventType "team"]
[EventRounds "14"]
[EventCountry "ESP"]
[Source "lmi"]
[SourceDate "2004.10.27"]

1. d4 d5 2. c4 c6 3. Nf3 Nf6 4. Nc3 dxc4 5. a4 Bf5 6. Nh4 e6 7. Nxf5 exf5 8. e3
Bb4 9. Bxc4 O-O 10. Qc2 g6 11. O-O Nbd7 12. f3 Rc8 13. Kh1 c5 14. Ba2 Nb6 15.
Qf2 f4 16. a5 Bxa5 17. dxc5 Nbd7 18. exf4 Nxc5 19. f5 Nd3 20. Qh4 Nxc1 21.
Raxc1 Bxc3 22. bxc3 Kg7 23. g4 Qd2 24. g5 Nh5 25. Bb1 Rxc3 26. Rcd1 Qe3 27.
Rde1 Qc5 28. f6+ Kg8 29. Ba2 Re3 30. Rc1 Qe5 31. Qh3 Qxg5 32. Rg1 Qe5 33. Bxf7+
Rxf7 34. Rc8+ Rf8 35. Rxf8+ Kxf8 36. Qc8+ Qe8 37. Qc5+ Kf7 38. Qc7+ Kg8 39.
Qc4+ Qe6 40. Qd4 Nxf6 0-1

[Event "Olimpiada Calviá 2004"]
[Site "Calviá ESP"]
[Date "2004.10.22"]
[Round "7.8"]
[White "Kosic, Dragan"]
[Black "Mastrovasilis, Dimitrios"]
[Result "1-0"]
[WhiteElo "2519"]
[BlackElo "2574"]
[PlyCount "135"]
[EventDate "2004.10.15"]
[EventType "team"]
[EventRounds "14"]
[EventCountry "ESP"]
[Source "lmi"]
[SourceDate "2004.10.27"]

1. d4 d5 2. Nf3 Nf6 3. c4 c6 4. e3 Bg4 5. h3 Bxf3 6. Qxf3 e6 7. Nc3 Nbd7 8. Bd3
Bb4 9. O-O O-O 10. Qd1 Qe7 11. Bd2 Bd6 12. c5 Bc7 13. f4 b6 14. b4 a5 15. a3
Rfb8 16. Qc2 Qd8 17. cxb6 Nxb6 18. Na2 Rc8 19. Rfc1 Bd6 20. bxa5 Nbd7 21. Bb4
Bc7 22. Qe2 Nb8 23. a6 Ne4 24. Nc3 f5 25. Na4 Ng3 26. Qf2 Ne4 27. Qe2 Ng3 28.
Qc2 g5 29. Nc5 Qf6 30. fxg5 Qxg5 31. Qf2 Re8 32. Rab1 Ne4 33. Nxe4 dxe4 34. Bf1
Bg3 35. Qe2 Rxa6 36. Bc5 Nd7 37. Qxa6 Qxe3+ 38. Kh1 Bf4 39. Bd6 Bxd6 40. Rxc6
Bf4 41. Rxe6 Rf8 42. Qc4 Kh8 43. Rb3 Qf2 44. Qe2 Qxd4 45. Qb2 Qxb2 46. Rxb2 Nc5
47. Rc6 Nd3 48. Rb1 Nf2+ 49. Kg1 Be3 50. Kh2 Rg8 51. Bc4 Rd8 52. Be6 f4 53. Rb7
f3 54. gxf3 exf3 55. Rc8 Rxc8 56. Bxc8 Ne4 57. Rf7 Nd2 58. Ba6 Kg8 59. Rf5 Kg7
60. Kg3 f2 61. Kg2 Bb6 62. Bd3 Ba7 63. Rh5 h6 64. Rb5 Kf6 65. a4 Ke6 66. a5 Kd6
67. Rb7 Be3 68. a6 1-0

[Event "Olimpiada Calviá 2004"]
[Site "Calviá ESP"]
[Date "2004.10.22"]
[Round "7.9"]
[White "Felgaer, Ruben"]
[Black "Zhang, Zhong"]
[Result "0-1"]
[WhiteElo "2569"]
[BlackElo "2596"]
[PlyCount "113"]
[EventDate "2004.10.15"]
[EventType "team"]
[EventRounds "14"]
[EventCountry "ESP"]
[Source "lmi"]
[SourceDate "2004.10.27"]

1. e4 e5 2. Nf3 Nc6 3. Bb5 a6 4. Ba4 Nf6 5. O-O Be7 6. Re1 b5 7. Bb3 d6 8. c3
O-O 9. d4 Bg4 10. Be3 exd4 11. cxd4 Na5 12. Bc2 Nc4 13. Bc1 Nd7 14. b3 Ncb6 15.
Bb2 c5 16. Nbd2 Re8 17. h3 Bh5 18. Nf1 Rc8 19. g4 Bg6 20. Ng3 cxd4 21. Nxd4 d5
22. exd5 Nxd5 23. Bxg6 hxg6 24. Qf3 N7b6 25. Rad1 Qc7 26. Rc1 Qd7 27. Ne4 Bb4
28. Red1 Qe7 29. Rxc8 Rxc8 30. Rc1 Re8 31. Ng3 Ba3 32. Bxa3 Qxa3 33. Rc2 Qb4
34. Nge2 Qe1+ 35. Kg2 Qd1 36. Rc1 Qd2 37. Rc2 Qg5 38. Rc6 Qe5 39. Qg3 Qe4+ 40.
Qf3 Qe7 41. Nf4 Nxf4+ 42. Qxf4 Nd5 43. Qf3 Qe5 44. Nc2 Nf4+ 45. Kg1 Rd8 46. Ne3
g5 47. Rxa6 Rd2 48. Ra8+ Kh7 49. Ra7 Re2 50. Ng2 Qa1+ 51. Kh2 Qd4 52. Rd7 Qxf2
53. Qxf2 Rxf2 54. Rxf7 Rxg2+ 55. Kh1 Rxa2 56. Rb7 Nxh3 57. Rxb5 0-1

[Event "Olimpiada Calviá 2004"]
[Site "Calviá ESP"]
[Date "2004.10.22"]
[Round "7.9"]
[White "Xu, Jun"]
[Black "Campora, Daniel H"]
[Result "1/2-1/2"]
[WhiteElo "2589"]
[BlackElo "2549"]
[PlyCount "80"]
[EventDate "2004.10.15"]
[EventType "team"]
[EventRounds "14"]
[EventCountry "ESP"]
[Source "lmi"]
[SourceDate "2004.10.27"]

1. d4 Nf6 2. c4 d6 3. Nc3 e5 4. Nf3 exd4 5. Nxd4 Be7 6. e4 O-O 7. Be2 Re8 8.
O-O Bd7 9. f4 Nc6 10. Nc2 Bf8 11. Bf3 g6 12. Kh1 Bg7 13. c5 Be6 14. cxd6 cxd6
15. Ne3 Na5 16. f5 Bc4 17. Re1 Rc8 18. b4 Ba6 19. Bd2 Nc4 20. b5 Nxd2 21. Qxd2
Rxc3 22. Qxc3 Bxb5 23. Qb4 Bc6 24. fxg6 hxg6 25. Nc4 Nxe4 26. Bxe4 Rxe4 27.
Rxe4 Bxe4 28. Rd1 Qh4 29. Qxd6 Bxg2+ 30. Kxg2 Qxc4 31. Qd8+ Bf8 32. Qd5 Qc7 33.
Rf1 b6 34. h4 Bc5 35. h5 Qe7 36. Kh3 Kg7 37. Rf3 a5 38. a4 Bg1 39. h6+ Kxh6 40.
Qxf7 Qxf7 1/2-1/2

[Event "Olimpiada Calviá 2004"]
[Site "Calviá ESP"]
[Date "2004.10.22"]
[Round "7.10"]
[White "Van Wely, Loek"]
[Black "Adams, Michael"]
[Result "1/2-1/2"]
[WhiteElo "2681"]
[BlackElo "2740"]
[PlyCount "167"]
[EventDate "2004.10.15"]
[EventType "team"]
[EventRounds "14"]
[EventCountry "ESP"]
[Source "lmi"]
[SourceDate "2004.10.27"]

1. d4 Nf6 2. c4 e6 3. Nf3 b6 4. g3 Ba6 5. Qb3 d5 6. cxd5 Qxd5 7. Qc2 Nc6 8. Nc3
Nb4 9. Qd1 Qf5 10. Bg2 Nc2+ 11. Kf1 O-O-O 12. Nh4 Rxd4 13. Qxd4 Nxd4 14. Nxf5
exf5 15. a4 Bc5 16. Bg5 Re8 17. Bxf6 gxf6 18. Bd5 Nxe2 19. Kg2 Re5 20. Rhd1
Nxc3 21. bxc3 Be2 22. Rd2 f4 23. gxf4 Re8 24. Bxf7 Re7 25. Bd5 Bg4 26. Bc6 a5
27. Rg1 Bd6 28. Kh1 Be6 29. Rd4 f5 30. Rg3 Bc5 31. Rd2 Bd6 32. Rd4 Bc5 33. Rd1
Bf7 34. Rgd3 Bd6 35. Re3 Kd8 36. Kg2 Rxe3 37. fxe3 Ke7 38. Kf2 Kf6 39. Bd7 Bc5
40. Rg1 Bg6 41. Ke2 Ke7 42. Bb5 Kf6 43. Kd2 Bf7 44. Bd3 h6 45. Bc2 Bd6 46. Rb1
Ba2 47. Rb2 Bd5 48. Bb3 Bc6 49. Rb1 Be8 50. Rg1 Bg6 51. Rg3 Bf8 52. Kc2 Bc5 53.
Bd5 Bf8 54. Kb3 Bc5 55. h4 Bh5 56. Kc2 Be8 57. Bb3 Bh5 58. Kd2 Bg6 59. Bc4 Bf8
60. Kd3 Bc5 61. Bd5 Bd6 62. Bb3 Bc5 63. Bc4 Bd6 64. Bb5 Bc5 65. h5 Bf7 66. Bc6
Bf8 67. Rh3 Bd6 68. Rh1 Be6 69. Be8 Ke7 70. Bb5 Bf7 71. Bc6 Kf6 72. Rh2 Ke7 73.
Ke2 Kf6 74. Kf3 Bb3 75. e4 Bd1+ 76. Ke3 fxe4 77. Kxe4 Bg4 78. Rh1 Bf5+ 79. Kf3
Be6 80. Ke3 Bc5+ 81. Kd3 Bd6 82. Rf1 Bf7 83. Be4 Be8 84. Rg1 1/2-1/2

[Event "Olimpiada Calviá 2004"]
[Site "Calviá ESP"]
[Date "2004.10.22"]
[Round "7.10"]
[White "Wells, Peter K"]
[Black "Nijboer, Friso"]
[Result "1/2-1/2"]
[WhiteElo "2504"]
[BlackElo "2567"]
[PlyCount "72"]
[EventDate "2004.10.15"]
[EventType "team"]
[EventRounds "14"]
[EventCountry "ESP"]
[Source "lmi"]
[SourceDate "2004.10.27"]

1. d4 Nf6 2. c4 g6 3. Nc3 Bg7 4. e4 d6 5. Nf3 O-O 6. Be2 e5 7. O-O Nc6 8. d5
Ne7 9. b4 Nh5 10. Re1 a5 11. bxa5 f5 12. Nd2 Nf6 13. c5 Rxa5 14. cxd6 cxd6 15.
a4 fxe4 16. Ndxe4 Nxe4 17. Nxe4 Bf5 18. Bb5 Bxe4 19. Rxe4 Nf5 20. Bb2 Ra8 21.
Rc1 Rf7 22. Rec4 Bh6 23. R1c2 Qb6 24. Qe1 Raf8 25. Re4 Bg5 26. g3 Qa7 27. Kg2
Bd8 28. Kh3 Ba5 29. Qe2 Bb6 30. f4 Nd4 31. Bxd4 Bxd4 32. Rc4 Bg1 33. Qc2 Rf5
34. Kg2 exf4 35. Rxf4 Rxf4 36. Rxf4 Rxf4 1/2-1/2

[Event "Olimpiada Calviá 2004"]
[Site "Calviá ESP"]
[Date "2004.10.22"]
[Round "7.11"]
[White "Goh Koon-Jong, Jason"]
[Black "Kaidanov, Gregory S"]
[Result "0-1"]
[WhiteElo "2419"]
[BlackElo "2611"]
[PlyCount "112"]
[EventDate "2004.10.15"]
[EventType "team"]
[EventRounds "14"]
[EventCountry "ESP"]
[Source "lmi"]
[SourceDate "2004.10.27"]

1. d4 d5 2. c4 e6 3. Nc3 c6 4. Nf3 Nf6 5. Bg5 h6 6. Bxf6 Qxf6 7. Qc2 Nd7 8. e4
dxe4 9. Qxe4 g6 10. c5 Bg7 11. Qe3 O-O 12. Bc4 b6 13. O-O bxc5 14. dxc5 a5 15.
Rfd1 Qe7 16. Na4 Ba6 17. Bxa6 Rxa6 18. Qd3 Ra7 19. Qd6 Qxd6 20. Rxd6 Rc8 21.
Rad1 Rcc7 22. Nd4 Bf8 23. Rxc6 Nxc5 24. Nxc5 Bxc5 25. Rc1 Rxc6 26. Nxc6 Rd7 27.
Kf1 Bb6 28. Ke2 Rc7 29. Rc3 Kf8 30. f3 Ke8 31. Kd3 Rd7+ 32. Kc2 Rd5 33. a4 Kd7
34. b4 axb4 35. Nxb4 Ra5 36. Kb3 Bc5 37. Nc2 e5 38. Na3 Bd4 39. Rc4 Rd5 40. Nb5
Bb6 41. Rc2 f5 42. Kb4 Rd1 43. Nc3 Ra1 44. Kb5 Bd4 45. Nd5 Ke6 46. Nb4 Rb1 47.
a5 e4 48. fxe4 fxe4 49. Rc4 Ke5 50. a6 e3 51. Rxd4 Kxd4 52. a7 Rxb4+ 53. Kxb4
e2 54. a8=Q e1=Q+ 55. Kb5 Qb1+ 56. Ka6 Qa2+ 0-1

[Event "Olimpiada Calviá 2004"]
[Site "Calviá ESP"]
[Date "2004.10.22"]
[Round "7.11"]
[White "Novikov, Igor A"]
[Black "Yeo Min-Yang, Evan"]
[Result "1-0"]
[WhiteElo "2588"]
[BlackElo "2245"]
[PlyCount "41"]
[EventDate "2004.10.15"]
[EventType "team"]
[EventRounds "14"]
[EventCountry "ESP"]
[Source "lmi"]
[SourceDate "2004.10.27"]

1. d4 Nf6 2. c4 e6 3. Nf3 d5 4. cxd5 exd5 5. Nc3 c6 6. Qc2 g6 7. Bg5 Be7 8. e4
dxe4 9. Bxf6 Bxf6 10. Qxe4+ Kf8 11. Bc4 Kg7 12. O-O Re8 13. Qf4 Be6 14. Bxe6
Rxe6 15. Rfe1 Rxe1+ 16. Rxe1 Nd7 17. Ne4 Rc8 18. Nd6 Rb8 19. Re8 Qa5 20. Rxb8
Nxb8 21. Ne8+ 1-0

[Event "Olimpiada Calviá 2004"]
[Site "Calviá ESP"]
[Date "2004.10.22"]
[Round "7.12"]
[White "Liu, Dede"]
[Black "Hracek, Zbynek"]
[Result "0-1"]
[WhiteElo "2397"]
[BlackElo "2595"]
[PlyCount "108"]
[EventDate "2004.10.15"]
[EventType "team"]
[EventRounds "14"]
[EventCountry "ESP"]
[Source "lmi"]
[SourceDate "2004.10.27"]

1. e4 c5 2. Nf3 d6 3. d4 cxd4 4. Nxd4 Nf6 5. Nc3 a6 6. Be2 e5 7. Nb3 Be7 8. O-O
Be6 9. f4 Qc7 10. Kh1 Nbd7 11. f5 Bc4 12. a4 O-O 13. a5 Rfc8 14. Be3 b5 15.
axb6 Nxb6 16. Bxb6 Qxb6 17. Ra4 Bb5 18. Ra5 Qc6 19. Bd3 Bd8 20. Ra2 Bxd3 21.
Qxd3 a5 22. Rfa1 Rab8 23. h3 h5 24. Ra4 h4 25. R1a2 Rb4 26. Kh2 Bb6 27. Ra1 Qc7
28. Kh1 Qc4 29. Nd2 Qxd3 30. cxd3 Rxb2 31. Nc4 Rb3 32. R1a3 Rxa3 33. Rxa3 Bd4
34. Kh2 Bxc3 35. Rxc3 a4 36. Ra3 Nxe4 37. Rxa4 Nc5 38. Nxd6 Rd8 39. Rc4 Nxd3
40. Nb5 Nf4 41. Rc2 Kh7 42. Rf2 Kh6 43. Rc2 Kg5 44. Rc7 Kf6 45. Nc3 Rd4 46. g4
hxg3+ 47. Kxg3 Nd5 48. Rc6+ Kxf5 49. Nb5 Rd3+ 50. Kh2 f6 51. Nd6+ Kg6 52. Nc4
Kg5 53. Rc8 Rc3 54. Rc6 Nf4 0-1

[Event "Olimpiada Calviá 2004"]
[Site "Calviá ESP"]
[Date "2004.10.22"]
[Round "7.12"]
[White "Babula, Vlastimil"]
[Black "Gunawan, Ruben"]
[Result "1/2-1/2"]
[WhiteElo "2571"]
[BlackElo "2467"]
[PlyCount "67"]
[EventDate "2004.10.15"]
[EventType "team"]
[EventRounds "14"]
[EventCountry "ESP"]
[Source "lmi"]
[SourceDate "2004.10.27"]

1. d4 e6 2. c4 c5 3. d5 exd5 4. cxd5 d6 5. e4 Ne7 6. Nf3 Ng6 7. h4 Nd7 8. Bb5
a6 9. Be2 Nge5 10. a4 Be7 11. Bf4 Bf6 12. Nc3 O-O 13. h5 Re8 14. Nd2 c4 15. O-O
Nc5 16. Bg3 Bd7 17. Nxc4 Nxc4 18. Bxc4 Bxc3 19. bxc3 Nxe4 20. Qd4 Bf5 21. Bh2
Rc8 22. Rfe1 h6 23. f3 Nxc3 24. Qxc3 Rxe1+ 25. Rxe1 b5 26. axb5 axb5 27. Qb4
bxc4 28. Qxd6 Qxd6 29. Bxd6 Rd8 30. Bb4 Rxd5 31. Kf2 Be6 32. g4 Rd3 33. Re3 Rb3
34. Bc3 1/2-1/2

[Event "Olimpiada Calviá 2004"]
[Site "Calviá ESP"]
[Date "2004.10.22"]
[Round "7.12"]
[White "Purnama, Tirta Chandra"]
[Black "Oral, Tomas"]
[Result "1/2-1/2"]
[WhiteElo "2286"]
[BlackElo "2565"]
[PlyCount "55"]
[EventDate "2004.10.15"]
[EventType "team"]
[EventRounds "14"]
[EventCountry "ESP"]
[Source "lmi"]
[SourceDate "2004.10.27"]

1. d4 Nf6 2. c4 e6 3. Nf3 b6 4. a3 Bb7 5. Nc3 d5 6. Bg5 Be7 7. e3 O-O 8. Bxf6
Bxf6 9. cxd5 exd5 10. Qb3 Re8 11. Rd1 c6 12. Bd3 Na6 13. O-O c5 14. Qc2 h6 15.
Bb5 Re6 16. dxc5 bxc5 17. Nxd5 Bxd5 18. e4 Rxe4 19. Bxa6 Bd4 20. Nxd4 cxd4 21.
Qc5 Rg4 22. f3 Rxg2+ 23. Kxg2 Qg5+ 24. Kf2 Qe3+ 25. Kg2 Qg5+ 26. Kf2 Qe3+ 27.
Kg2 Qg5+ 28. Kf2 1/2-1/2

[Event "Olimpiada Calviá 2004"]
[Site "Calviá ESP"]
[Date "2004.10.22"]
[Round "7.13"]
[White "Mihalcisin, Adrian"]
[Black "Motwani, Paul"]
[Result "1/2-1/2"]
[WhiteElo "2512"]
[BlackElo "2544"]
[PlyCount "44"]
[EventDate "2004.10.15"]
[EventType "team"]
[EventRounds "14"]
[EventCountry "ESP"]
[Source "lmi"]
[SourceDate "2004.10.27"]

1. Nf3 d5 2. d4 e6 3. c4 Nf6 4. e3 b6 5. Nc3 Bb7 6. cxd5 exd5 7. Bb5+ c6 8. Bd3
Nbd7 9. O-O Be7 10. Ne5 Nxe5 11. dxe5 Nd7 12. f4 Qc7 13. Bd2 Nc5 14. Bc2 a5 15.
Rc1 Qd7 16. Qf3 f5 17. exf6 Bxf6 18. e4 O-O 19. Rcd1 Rad8 20. Rfe1 g6 21. e5
Bh4 22. g3 Be7 1/2-1/2

[Event "Olimpiada Calviá 2004"]
[Site "Calviá ESP"]
[Date "2004.10.22"]
[Round "7.13"]
[White "Shaw, John"]
[Black "Pavasovic, Dusko"]
[Result "1/2-1/2"]
[WhiteElo "2433"]
[BlackElo "2581"]
[PlyCount "116"]
[EventDate "2004.10.15"]
[EventType "team"]
[EventRounds "14"]
[EventCountry "ESP"]
[Source "lmi"]
[SourceDate "2004.10.27"]

1. e4 c5 2. Nf3 e6 3. c3 d5 4. exd5 Qxd5 5. d4 Nf6 6. Be3 cxd4 7. cxd4 Bb4+ 8.
Nc3 O-O 9. Be2 Bd7 10. O-O Bxc3 11. bxc3 Bb5 12. Bxb5 Qxb5 13. Rb1 Qa6 14. Qb3
b6 15. Bg5 Nbd7 16. c4 Rac8 17. Rfc1 Rc6 18. Rc2 Rfc8 19. Rbc1 Ne4 20. Bf4 Nd6
21. d5 exd5 22. Nd4 Nxc4 23. Nxc6 Rxc6 24. h3 Re6 25. Qd3 Nf6 26. Bg5 b5 27.
Bxf6 Rxf6 28. Qxd5 g6 29. Qd8+ Kg7 30. Qd4 Qb6 31. Rd1 Qxd4 32. Rxd4 Ra6 33.
Rd7 Ra4 34. Re2 Nb6 35. Rb7 Nd5 36. Re5 Nc3 37. Ree7 Rf4 38. Rxa7 b4 39. f3 h5
40. h4 Nb5 41. Ra5 Nc3 42. Kf2 Rxh4 43. Kg3 Rd4 44. Raa7 h4+ 45. Kh3 Rf4 46.
Reb7 g5 47. Ra5 Kg6 48. Rb6+ f6 49. Rc6 Rd4 50. Raa6 Rf4 51. a3 Nd5 52. Rd6 Rf5
53. a4 b3 54. Ra7 b2 55. Rb7 Nc3 56. Rxb2 Nxa4 57. Rc2 Nc5 58. Rc3 Re5 1/2-1/2

[Event "Olimpiada Calviá 2004"]
[Site "Calviá ESP"]
[Date "2004.10.22"]
[Round "7.13"]
[White "Sakelsek, Tadej"]
[Black "Dearing, Eddie"]
[Result "1/2-1/2"]
[WhiteElo "2425"]
[BlackElo "2376"]
[PlyCount "111"]
[EventDate "2004.10.15"]
[EventType "team"]
[EventRounds "14"]
[EventCountry "ESP"]
[Source "lmi"]
[SourceDate "2004.10.27"]

1. e4 g6 2. d4 Bg7 3. Nc3 c6 4. Nf3 d6 5. Be2 b5 6. a4 b4 7. Na2 a5 8. c3 bxc3
9. bxc3 Nd7 10. O-O Ngf6 11. Qc2 O-O 12. Bf4 Qc7 13. h3 Nh5 14. Bg5 e6 15. Rab1
h6 16. Be3 Ba6 17. c4 e5 18. dxe5 dxe5 19. g3 Rfb8 20. Rxb8+ Rxb8 21. Qd2 Nhf6
22. Rd1 Kh7 23. Nh2 Rb7 24. Nc3 Rb4 25. Na2 Rb7 26. Nc3 Rb4 27. Na2 Rb7 28. Qc2
Bf8 29. Bc1 Nc5 30. Bd3 Ne6 31. Nf3 Bc5 32. Bb2 Nd7 33. Bf1 f6 34. h4 h5 35.
Bh3 Ndf8 36. Bc1 Nd4 37. Nxd4 Bxd4 38. Ba3 Qf7 39. Bf1 Ne6 40. Nc1 Qc7 41. Bh3
Ng7 42. Ne2 c5 43. Bf1 Qc6 44. Bc1 Rd7 45. Bg2 Qe6 46. Nxd4 Rxd4 47. Rxd4 exd4
48. Bf1 Bb7 49. f3 Qd6 50. Kf2 f5 51. Bf4 Qe6 52. Bh3 Ba6 53. Bf1 Bb7 54. Bh3
Ba6 55. Bf1 Bb7 56. Bh3 1/2-1/2

[Event "Olimpiada Calviá 2004"]
[Site "Calviá ESP"]
[Date "2004.10.22"]
[Round "7.14"]
[White "Khruschiov, Alexey"]
[Black "Hillarp Persson, Tiger"]
[Result "1/2-1/2"]
[WhiteElo "2440"]
[BlackElo "2523"]
[PlyCount "52"]
[EventDate "2004.10.15"]
[EventType "team"]
[EventRounds "14"]
[EventCountry "ESP"]
[Source "lmi"]
[SourceDate "2004.10.27"]

1. e4 g6 2. d4 Bg7 3. Nc3 d6 4. f4 a6 5. Nf3 b5 6. Bd3 Nd7 7. a4 b4 8. Ne2 a5
9. c4 bxc3 10. bxc3 Ba6 11. Bb5 e6 12. Rb1 Ne7 13. Ba3 O-O 14. O-O Nb6 15. Qd3
Bb7 16. Qc2 h6 17. Ng3 Bc8 18. Rf2 Bd7 19. h4 Bxb5 20. Rxb5 Nc4 21. Bc1 d5 22.
h5 Nd6 23. Rc5 Nb7 24. Rb5 Nd6 25. Rc5 Nb7 26. Rb5 Nd6 1/2-1/2

[Event "Olimpiada Calviá 2004"]
[Site "Calviá ESP"]
[Date "2004.10.22"]
[Round "7.14"]
[White "Hellsten, Johan"]
[Black "Komliakov, Viktor"]
[Result "0-1"]
[WhiteElo "2564"]
[BlackElo "2434"]
[PlyCount "102"]
[EventDate "2004.10.15"]
[EventType "team"]
[EventRounds "14"]
[EventCountry "ESP"]
[Source "lmi"]
[SourceDate "2004.10.27"]

1. d4 d5 2. c4 c6 3. Nf3 Nf6 4. Qb3 dxc4 5. Qxc4 Bf5 6. g3 e6 7. Bg2 Nbd7 8.
O-O Be7 9. e3 O-O 10. Qe2 Qb6 11. Nc3 Ne4 12. Rd1 Rad8 13. Ne1 Ndf6 14. f3 Nxc3
15. bxc3 Nd5 16. Bd2 Qb2 17. Rac1 Nb6 18. e4 Bg6 19. Nd3 Qa3 20. Nf4 c5 21. h4
cxd4 22. cxd4 Rxd4 23. h5 Rfd8 24. Qe1 Qd6 25. hxg6 Rxd2 26. Rxd2 Qxd2 27. Qxd2
Rxd2 28. Rc7 Rd7 29. gxf7+ Kxf7 30. Rc2 e5 31. Ne2 Bd6 32. Bh3 Rc7 33. Rxc7+
Bxc7 34. Nc3 Bd6 35. Kg2 Bb4 36. Nd5 Nxd5 37. exd5 h5 38. f4 exf4 39. gxf4 Bd6
40. Kf3 b5 41. Bf1 b4 42. Ba6 Ke7 43. Ke4 h4 44. Bc8 a5 45. Kd4 Bxf4 46. Kc5 g5
47. Kb5 Bc7 48. Be6 Kd6 49. Ka4 Kc5 50. a3 Bd6 51. Kb3 Kd4 0-1

[Event "Olimpiada Calviá 2004"]
[Site "Calviá ESP"]
[Date "2004.10.22"]
[Round "7.15"]
[White "San Segundo, Carrillo Pablo"]
[Black "Iuldachev, Saidali"]
[Result "1/2-1/2"]
[WhiteElo "2516"]
[BlackElo "2550"]
[PlyCount "53"]
[EventDate "2004.10.15"]
[EventType "team"]
[EventRounds "14"]
[EventCountry "ESP"]
[Source "lmi"]
[SourceDate "2004.10.27"]

1. d4 Nf6 2. c4 g6 3. g3 Bg7 4. Bg2 O-O 5. Nc3 d6 6. Nf3 Nbd7 7. O-O e5 8. e4
c6 9. h3 Qb6 10. c5 dxc5 11. dxe5 Ne8 12. e6 fxe6 13. Ng5 Ne5 14. f4 Nf7 15.
Nxf7 Bd4+ 16. Kh2 Rxf7 17. e5 Nc7 18. Ne4 Nd5 19. a4 a5 20. Ra3 Qd8 21. g4 b6
22. Rg3 Ba6 23. Rff3 Raa7 24. Ng5 Rfe7 25. h4 Rad7 26. Qe1 Nb4 27. Ne4 1/2-1/2

[Event "Olimpiada Calviá 2004"]
[Site "Calviá ESP"]
[Date "2004.10.22"]
[Round "7.15"]
[White "Barsov, Alexei"]
[Black "Moreno Carnero, Javier"]
[Result "1/2-1/2"]
[WhiteElo "2471"]
[BlackElo "2512"]
[PlyCount "27"]
[EventDate "2004.10.15"]
[EventType "team"]
[EventRounds "14"]
[EventCountry "ESP"]
[Source "lmi"]
[SourceDate "2004.10.27"]

1. d4 Nf6 2. c4 e6 3. Nc3 Bb4 4. Qc2 O-O 5. a3 Bxc3+ 6. Qxc3 b5 7. e3 bxc4 8.
Bxc4 a5 9. Ne2 Ba6 10. Qxa5 c5 11. Qxd8 Rxd8 12. Bxa6 Nxa6 13. Rb1 Rdb8 14. b3
1/2-1/2

[Event "Olimpiada Calviá 2004"]
[Site "Calviá ESP"]
[Date "2004.10.22"]
[Round "7.15"]
[White "Ibarra Jerez, Jose Carlos"]
[Black "Egin, Vladimir"]
[Result "1/2-1/2"]
[WhiteElo "2423"]
[BlackElo "2459"]
[PlyCount "120"]
[EventDate "2004.10.15"]
[EventType "team"]
[EventRounds "14"]
[EventCountry "ESP"]
[Source "lmi"]
[SourceDate "2004.10.27"]

1. e4 e5 2. Nf3 Nf6 3. d4 Nxe4 4. Bd3 d5 5. Nxe5 Nd7 6. Nxd7 Bxd7 7. O-O Bd6 8.
Qh5 Nf6 9. Re1+ Kf8 10. Qh4 Ng4 11. Qxd8+ Rxd8 12. h3 Nf6 13. Bg5 Re8 14. Nc3
c6 15. Bxf6 gxf6 16. Rxe8+ Kxe8 17. Re1+ Kd8 18. Re3 h5 19. Rf3 Ke7 20. Kf1 h4
21. Nd1 Be6 22. Ne3 Rg8 23. Bf5 Rg5 24. Bg4 c5 25. dxc5 Bxc5 26. Nf5+ Bxf5 27.
Bxf5 b6 28. g3 hxg3 29. fxg3 Rg8 30. h4 Kf8 31. g4 Kg7 32. Rd3 Rh8 33. Rxd5
Rxh4 34. Rd7 a5 35. Ke2 Rh3 36. a3 Rg3 37. Kd1 Kh6 38. c3 Rg2 39. b4 axb4 40.
axb4 Be3 41. Rd3 Bf4 42. Rh3+ Kg7 43. Rf3 Be5 44. Rh3 Rg3 45. Rxg3 Bxg3 46. Ke2
Kf8 47. Kd3 Ke7 48. Kc4 Be1 49. Kb3 Kd6 50. c4 Kc7 51. Ka4 Bd2 52. Kb5 Be1 53.
Be4 Bd2 54. Bd5 Be1 55. Bxf7 Bd2 56. Bd5 Be1 57. c5 bxc5 58. Kxc5 Bf2+ 59. Kc4
Kb6 60. b5 Bh4 1/2-1/2

[Event "Olimpiada Calviá 2004"]
[Site "Calviá ESP"]
[Date "2004.10.22"]
[Round "7.16"]
[White "Del Rio Angelis, Salvador G"]
[Black "Olape, Bunmi"]
[Result "1-0"]
[WhiteElo "2491"]
[BlackElo "2304"]
[PlyCount "63"]
[EventDate "2004.10.15"]
[EventType "team"]
[EventRounds "14"]
[EventCountry "ESP"]
[Source "lmi"]
[SourceDate "2004.10.27"]

1. e4 e5 2. Nf3 Nf6 3. Nxe5 d6 4. Nf3 Nxe4 5. d4 d5 6. Bd3 Bd6 7. O-O O-O 8. c4
c6 9. cxd5 cxd5 10. Nc3 Nxc3 11. bxc3 Bg4 12. Rb1 Nd7 13. h3 Bh5 14. Rb5 Nb6
15. c4 Bxf3 16. Qxf3 dxc4 17. Bc2 Qd7 18. a4 Rab8 19. h4 Rfe8 20. Rg5 Bf8 21.
Bf4 Rbd8 22. Be5 Nd5 23. Qh5 g6 24. Bxg6 fxg6 25. Rxg6+ hxg6 26. Qh8+ Kf7 27.
Qh7+ Ke6 28. Qxg6+ Nf6 29. Qxf6+ Kd5 30. Qf3+ Ke6 31. Re1 Bb4 32. d5+ 1-0

[Event "Olimpiada Calviá 2004"]
[Site "Calviá ESP"]
[Date "2004.10.22"]
[Round "7.16"]
[White "Pont Mulet, Antonio"]
[Black "Adedeji Olatunji, Adekola"]
[Result "1-0"]
[WhiteElo "2265"]
[BlackElo "2093"]
[PlyCount "67"]
[EventDate "2004.10.15"]
[EventType "team"]
[EventRounds "14"]
[EventCountry "ESP"]
[Source "lmi"]
[SourceDate "2004.10.27"]

1. e4 e5 2. Nf3 Nc6 3. Nc3 Be7 4. d4 exd4 5. Nxd4 d6 6. Bb5 Bd7 7. O-O Nf6 8.
Re1 O-O 9. Bf4 a6 10. Bxc6 bxc6 11. e5 Ne8 12. Qf3 d5 13. Rad1 c5 14. Nxd5 Rb8
15. Nb3 c6 16. Nxe7+ Qxe7 17. Qc3 Be6 18. Nxc5 Nc7 19. Nxe6 Qxe6 20. b3 Nd5 21.
Qg3 Rfe8 22. h3 Red8 23. Bg5 Ne7 24. Bxe7 Qxe7 25. f4 Qe6 26. Qg5 Re8 27. f5
Qe7 28. f6 Qf8 29. Rd6 g6 30. Kh2 h6 31. Qg3 Rb5 32. e6 fxe6 33. Qxg6+ Kh8 34.
Rd7 1-0

[Event "Olimpiada Calviá 2004"]
[Site "Calviá ESP"]
[Date "2004.10.22"]
[Round "7.17"]
[White "Nevednichy, Vladislav"]
[Black "Berkes, Ferenc"]
[Result "1-0"]
[WhiteElo "2552"]
[BlackElo "2630"]
[PlyCount "97"]
[EventDate "2004.10.15"]
[EventType "team"]
[EventRounds "14"]
[EventCountry "ESP"]
[Source "lmi"]
[SourceDate "2004.10.27"]

1. e4 e6 2. d4 d5 3. Nd2 c5 4. exd5 Qxd5 5. Ngf3 cxd4 6. Bc4 Qd8 7. O-O a6 8.
Qe2 Nc6 9. Rd1 Qc7 10. Nb3 Bd6 11. Nbxd4 Nxd4 12. Rxd4 Ne7 13. Bd3 Bd7 14. Bg5
Bc6 15. Rd1 h6 16. Bxe7 Kxe7 17. Be4 Rhd8 18. Rc4 Qb6 19. Bxc6 bxc6 20. g3 c5
21. b3 Bc7 22. Re1 Rd5 23. Qe4 Rad8 24. Qh7 Kf6 25. Rg4 g6 26. Qxh6 Qc6 27.
Rge4 Rh5 28. Qe3 Kg7 29. c4 Ba5 30. Re2 Rd1+ 31. Kg2 Bd8 32. g4 Rh8 33. g5 Ba5
34. Re5 Bc7 35. Re4 Rhd8 36. Qc3+ Kg8 37. Qf6 R8d4 38. Nxd4 Rxd4 39. Qf3 Qd6
40. Qg3 Qc6 41. Qh4 Rd1 42. R2e3 Be5 43. Rf3 Qd6 44. Rh3 Bg7 45. Qh7+ Kf8 46.
Rf3 Rd3 47. Qh3 Rxf3 48. Qxf3 Bd4 49. h4 1-0

[Event "Olimpiada Calviá 2004"]
[Site "Calviá ESP"]
[Date "2004.10.22"]
[Round "7.17"]
[White "Gyimesi, Zoltan"]
[Black "Marin, Mihail"]
[Result "1/2-1/2"]
[WhiteElo "2613"]
[BlackElo "2511"]
[PlyCount "46"]
[EventDate "2004.10.15"]
[EventType "team"]
[EventRounds "14"]
[EventCountry "ESP"]
[Source "lmi"]
[SourceDate "2004.10.27"]

1. d4 Nf6 2. c4 e6 3. Nf3 b6 4. g3 Bb7 5. Bg2 Bb4+ 6. Bd2 Bxd2+ 7. Qxd2 O-O 8.
O-O d6 9. Nc3 Ne4 10. Nxe4 Bxe4 11. Qf4 Bb7 12. e4 Nd7 13. Rad1 Qe7 14. Qe3 a5
15. b3 e5 16. d5 g6 17. Nd2 Rae8 18. Rde1 Bc8 19. Qc3 f5 20. exf5 gxf5 21. f4
Qg7 22. fxe5 Nxe5 23. Nf3 Nxf3+ 1/2-1/2